[Event "TCh-BEL 2004-5"]
[Site "Belgium BEL"]
[Date "2004.09.26"]
[Round "2"]
[White "Hausrath,D"]
[Black "Van der Stricht,G"]
[Result "1-0"]
[WhiteElo "2480"]
[BlackElo "2425"]

1.Nf3 d5 2.g3 c6 3.Bg2 Bg4 4.c4 e6 5.O-O Nd7 6.cxd5 exd5 7.d3 Ngf6 8.Nc3 Be7
9.e4 dxe4 10.dxe4 Nc5 11.h3 Be6 12.e5 Nd5 13.Nd4 Nxc3 14.bxc3 Bc4 15.Qg4 Bxf1
16.Qxg7 Kd7 17.Qg4+ Ne6 18.Bxf1 Qg8 19.Qf3 Qg7 20.Rb1 Nxd4 21.cxd4 Rab8 22.d5 Rhd8
23.Rxb7+ Rxb7 24.dxc6+ Kc7 25.cxb7 Qg6 26.Bf4 Qe6 27.Bg2 Kb8 28.Kh2 Bc5  1-0

[Event "Premier League"]
[Site "Belgrade SCG"]
[Date "2004.09.28"]
[Round "4"]
[White "Arsovic,Z"]
[Black "Paunovic,T"]
[Result "1/2-1/2"]
[WhiteElo "2452"]
[BlackElo "2351"]

1.Nf3 d5 2.g3 Nf6 3.Bg2 c6 4.c4 dxc4 5.O-O Nbd7 6.Qc2 Nb6 7.a4 a5 8.Na3 Qd5
9.Ne1 Qd4 10.d3 Nfd5 11.dxc4 Nb4 12.Qb3 e5 13.Nd3 Nxd3 14.exd3 Bc5 15.Be3 Qd6
16.Rad1 O-O 17.Nb1 Be6 18.Nc3 f5 19.Rfe1 Rae8 20.Kh1 Bf7 21.h3 h6 22.Kg1 Kh7
23.Qc2 Bg6 24.g4 Bxe3 25.fxe3 fxg4 26.hxg4 Qe6 27.Qe2 Nd7 28.Ne4 Nf6 29.Nxf6+ Qxf6
30.Rf1 Qg5 31.Rxf8 Rxf8 32.Rf1 Rxf1+ 33.Kxf1 Qd8 34.Be4 Bxe4 35.dxe4 Qf6+
36.Kg2 Qf7 37.b3 Qf6 38.Kh3 Qf7 39.Kg3 Qf6 40.Kg2 Kg6 41.Kg3 Kh7  1/2-1/2

[Event "79th ch-ARG"]
[Site "Buenos Aires ARG"]
[Date "2004.09.28"]
[Round "6"]
[White "Lanza,D"]
[Black "Recoulat,E"]
[Result "1/2-1/2"]
[WhiteElo "2079"]
[BlackElo "2301"]

1.Nf3 d5 2.g3 c6 3.Bg2 Nf6 4.O-O Bg4 5.d3 Nbd7 6.Nbd2 e5 7.e4 dxe4 8.dxe4 Bc5
9.Qe2 O-O 10.h3 Bh5 11.Rd1 Qc7 12.Nf1 Rfe8 13.g4 Bg6 14.Ng3 Nf8 15.Nh4 Ne6
16.g5 Nd7 17.Nhf5 Ndf8 18.h4 Nf4 19.Qf3 Bxf5 20.exf5 Nxg2 21.Kxg2 Rad8 22.Bd2 Bd4
23.c3 Bb6 24.h5 Rd7 25.Ne4 Red8 26.h6 Rd3 27.Qg4  1/2-1/2

[Event "TCh-Vojvodina"]
[Site "Sombor SCG"]
[Date "2004.09.28"]
[Round "6"]
[White "Dekic,J"]
[Black "Bokan,D"]
[Result "1/2-1/2"]
[WhiteElo "2317"]
[BlackElo "2333"]

1.Nf3 d5 2.g3 c6 3.Bg2 Nf6 4.O-O Nbd7 5.d4 e6 6.b3 Be7 7.Bb2 O-O 8.Nbd2 Re8
9.h3 Bf8 10.Re1 Qc7  1/2-1/2

[Event "TCh-Vojvodina"]
[Site "Sombor SCG"]
[Date "2004.09.28"]
[Round "6"]
[White "Vlahovic,B"]
[Black "Laketic,G"]
[Result "1/2-1/2"]
[WhiteElo "2389"]
[BlackElo "2403"]

1.Nf3 d5 2.g3 g6 3.Bg2 Bg7 4.d4 Nf6 5.O-O O-O 6.c4 c6 7.Nbd2 Ne4 8.Qb3 Na6
9.cxd5 cxd5 10.e3 Nf6 11.Nb1 b6 12.Nc3 Bb7 13.Bd2 Ne4 14.Rfc1 e5 15.Be1 exd4
16.Nxd4 Nac5 17.Qd1 Qe7 18.b4 Ne6 19.Nce2 Rac8 20.Qd3 h5 21.Rab1 a6 22.Nxe6 Qxe6
23.Nd4 Qd7 24.Qd1 Rc4 25.Bf1 b5 26.Be2 Rfc8 27.Nb3 Qe7 28.Na5 Ba8 29.h4  1/2-1/2

[Event "Tatry Open"]
[Site "Tatranske Zruby SVK"]
[Date "2004.09.28"]
[Round "5"]
[White "Szamos,A"]
[Black "Cerny,J"]
[Result "1/2-1/2"]
[WhiteElo "2262"]
[BlackElo "2103"]

1.Nf3 d5 2.g3 c6 3.Bg2 Nf6 4.O-O Bf5 5.d3 e6 6.Nbd2 h6 7.c3 Be7 8.Re1 Bh7
9.e4 O-O 10.Qe2 Nbd7 11.e5 Ne8 12.Nb3 a5 13.a4 Qb6 14.Nfd2 Qa6 15.Bf1 Qa7
16.Nf3 Qb6 17.Qd1 Nc5 18.Nxc5 Bxc5 19.d4 Be7 20.Bd3 Bxd3 21.Qxd3 Nc7 22.Bd2  1/2-1/2

[Event "Tatry Open"]
[Site "Tatranske Zruby SVK"]
[Date "2004.09.28"]
[Round "5"]
[White "Machycek,L"]
[Black "Biros,R"]
[Result "0-1"]
[WhiteElo "2271"]
[BlackElo "2142"]

1.Nf3 d5 2.g3 e6 3.Bg2 f5 4.d4 Nf6 5.O-O c6 6.c4 Bd6 7.b3 Qe7 8.a4 Nbd7 9.Ba3 Bxa3
10.Nxa3 O-O 11.Nc2 e5 12.dxe5 Nxe5 13.Nxe5 Qxe5 14.cxd5 Rd8 15.Qd4 Qxd4 16.Nxd4 Nxd5
17.e3 Kf7 18.Rac1 Be6 19.Rfd1 Nb4 20.Bh3 g6 21.e4 Kf6 22.Nxe6 Rxd1+ 23.Rxd1 Kxe6
24.Rd4 c5 25.exf5+ gxf5 26.Rh4 Nc6 27.Rxh7 Na5 28.Bf1 a6 29.Rh4 Rd8 30.b4 cxb4
31.Rxb4  0-1

[Event "Monarch Assurance"]
[Site "Port Erin IOM"]
[Date "2004.09.29"]
[Round "5"]
[White "Werner,Ge"]
[Black "Dunn,An1"]
[Result "1/2-1/2"]
[WhiteElo "2085"]
[BlackElo "2192"]

1.Nf3 d5 2.g3 Nf6 3.Bg2 c6 4.O-O Bg4 5.c4 e6 6.d4 Nbd7 7.b3 Be7 8.Bb2 Qa5
9.Nbd2 Bxf3 10.Nxf3 Ba3 11.Bxa3 Qxa3 12.Qc1 Qxc1 13.Raxc1 Ke7 14.Rfd1 Rac8
15.e3 Rhd8 16.Kf1 h6 17.cxd5 cxd5 18.Ke1 Ne4 19.Ne5 Nxe5 20.dxe5 Nc5 21.Rc3 Nd7
22.Rxc8 Rxc8 23.e4 dxe4 24.Bxe4 Nc5 25.Bg2 b6  1/2-1/2

[Event "Premier League"]
[Site "Belgrade SCG"]
[Date "2004.09.30"]
[Round "6"]
[White "Mihic,B"]
[Black "Paunovic,T"]
[Result "1/2-1/2"]
[WhiteElo "2346"]
[BlackElo "2351"]

1.Nf3 d5 2.g3 g6 3.Bg2 Bg7 4.O-O e5 5.d3 Ne7 6.Nbd2 O-O 7.e4 Nbc6 8.exd5 Nxd5
9.Nc4 h6 10.Re1 Re8 11.a4 a5 12.Bd2 Bf5 13.h3 g5 14.Nh2 Qd7 15.Ng4 Bg6 16.Qf3 Rad8
17.Nxa5 Nxa5 18.Bxa5 f5 19.Nh2 e4 20.dxe4 fxe4 21.Qb3 Kh8 22.Rad1 Qf5 23.Bc3 Nxc3
24.Rxd8 Rxd8 25.bxc3  1/2-1/2

[Event "Tatry Open"]
[Site "Tatranske Zruby SVK"]
[Date "2004.09.30"]
[Round "7"]
[White "Janos,I"]
[Black "Daubner,J"]
[Result "1-0"]
[WhiteElo "2148"]
[BlackElo "2211"]

1.Nf3 d5 2.g3 g6 3.Bg2 Bg7 4.c4 c6 5.O-O Nf6 6.d4 O-O 7.Nc3 dxc4 8.Bg5 Nbd7
9.Qc1 Nd5 10.Bh6 N7f6 11.Bxg7 Kxg7 12.Ne5 Nb6 13.Rd1 Qc7 14.a4 a5 15.e4 Ng4
16.Nxg4 Bxg4 17.f3 Be6 18.g4 Rad8 19.Qe3 f6 20.g5 Rd7 21.f4 Bg4 22.Rd2 Rfd8
23.h3 Be6 24.Rad1 Nc8 25.Ne2 Qb6 26.Qg3 Nd6 27.Kh1 Qb3 28.Qh4 f5 29.d5 Nxe4
30.Nd4 Qe3 31.Nxe6+ Kg8 32.Bxe4 Qxe4+ 33.Kh2 Qxe6 34.dxe6 Rxd2+ 35.Rxd2 Rxd2+
36.Kg1 Re2 37.Qg3 Rxe6 38.Qc3 b5 39.axb5 cxb5 40.Qxa5 Re4 41.Qxb5 Re1+ 42.Kf2 Re4
43.Kf3 Kg7 44.Qd5 h6 45.gxh6+ Kxh6 46.Qg8  1-0

[Event "Monarch Assurance"]
[Site "Port Erin IOM"]
[Date "2004.10.01"]
[Round "7"]
[White "Spanton,T"]
[Black "Dunn,An1"]
[Result "1/2-1/2"]
[WhiteElo "2004"]
[BlackElo "2192"]

1.g3 d5 2.Nf3 Nf6 3.Bg2 c6 4.d3 Bg4 5.Ne5 Bh5 6.Nd2 Nbd7 7.Ndf3 Bxf3 8.Nxf3 e5
9.O-O Bc5 10.c4 dxc4 11.dxc4 O-O 12.Qc2 Re8 13.e3 Qc7 14.b3 a5 15.a3 Bf8
16.Bb2 Nc5 17.Ng5 h6 18.Ne4 Ncxe4 19.Bxe4 Nxe4 20.Qxe4 Qb6 21.Qc2 Rad8 22.Rad1 f6
23.Rxd8 Rxd8 24.Rd1 Rxd1+ 25.Qxd1 Be7 26.a4 Qd8 27.Qxd8+ Bxd8 28.e4 h5  1/2-1/2

[Event "Monarch Assurance"]
[Site "Port Erin IOM"]
[Date "2004.10.03"]
[Round "9"]
[White "Werner,Ge"]
[Black "Allen,K"]
[Result "0-1"]
[WhiteElo "2085"]
[BlackElo "2241"]

1.g3 d5 2.Nf3 f5 3.Bg2 Nf6 4.d4 e6 5.Bg5 Be7 6.Bxf6 Bxf6 7.e3 c5 8.c4 O-O
9.cxd5 Qb6 10.O-O Qxb2 11.Qb3 Qxb3 12.axb3 exd5 13.Nc3 Be6 14.Nb5 Nc6 15.Nc7 Kf7
16.Rfd1 Rad8 17.Rac1 cxd4 18.Nxd4 Bxd4 19.exd4 Rd7 20.Nxe6 Kxe6 21.Rc5 Rfd8
22.f4 Rd6 23.Kf2 b6 24.Rc3 g6 25.Ke3 Nb4 26.Rc7 R6d7 27.Rc3 Kd6 28.Rdc1 Re7+
29.Kd2 a5 30.Bf3 Ra8 31.Rc8 Rxc8 32.Rxc8 Nc6 33.Kd3 Re1 34.Rh8 Rb1 35.Kc3 b5
36.Be2 b4+ 37.Kc2 Rh1 38.Rxh7 Nxd4+ 39.Kd3 Nxb3 40.Bf3 Nc5+ 41.Kd4 Rf1 42.Be2 Re1
43.Bf3 b3 44.Bxd5 Rd1+ 45.Kc3 Kxd5 46.Rg7 Rh1 47.Rxg6 Rxh2 48.Rb6 Rc2+  0-1

[Event "Open"]
[Site "Winterthur SUI"]
[Date "2004.10.03"]
[Round "3"]
[White "Kveinys,A"]
[Black "Kaganskiy,G"]
[Result "0-1"]
[WhiteElo "2531"]
[BlackElo "2287"]

1.Nf3 d5 2.g3 Nf6 3.Bg2 Bg4 4.O-O c6 5.d4 Nbd7 6.Nbd2 e6 7.Re1 Be7 8.e4 dxe4
9.Nxe4 O-O 10.c3 Re8 11.Qb3 Nxe4 12.Rxe4 Bf5 13.Re1 Qb6 14.Nd2 Bd3 15.Re3 Bg6
16.Nc4 Qc7 17.Re1 b5 18.Nd2 Rab8 19.Ne4 Bxe4 20.Bxe4 c5 21.d5 exd5 22.Bxd5 c4
23.Qc2 Bd6 24.Be3 Nc5 25.Bd4 Nd3 26.Rxe8+ Rxe8 27.a4 Qd7 28.Qd2 Bf4 29.gxf4 Qxd5
30.axb5 Re6 31.f5 Qxf5 32.Ra6 Qg4+ 33.Kf1 Qh3+  0-1

[Event "9th ECC w"]
[Site "Izmir TUR"]
[Date "2004.10.05"]
[Round "3"]
[White "Borisova,B"]
[Black "Shadrina,T"]
[Result "0-1"]
[WhiteElo "2148"]
[BlackElo "2401"]

1.Nf3 d5 2.g3 Nf6 3.Bg2 e6 4.O-O c5 5.d4 Nc6 6.c4 Be7 7.cxd5 exd5 8.Nc3 O-O
9.b3 Bg4 10.dxc5 Bxc5 11.Bg5 d4 12.Ne4 Be7 13.Nxf6+ Bxf6 14.Qd2 h6 15.Bxf6 Qxf6
16.Rac1 Rad8 17.Qd3 Rfe8 18.Rfe1 Qd6 19.Red1 Qc5 20.h3 Bh5 21.Re1 Qa5 22.g4 Bg6
23.Qd2 Qxd2 24.Nxd2 Nb4 25.Bf3 Nxa2 26.Ra1 Nc3 27.Rxa7 Ra8 28.Rxa8 Rxa8 29.Nc4 Re8
30.Kf1 d3 31.e3 Ra8 32.Rc1 Ne4 33.Bxe4 Bxe4 34.Nd2 Bc6 35.e4 Ra2 36.Rd1 Kf8
37.Kg2 g6 38.Kf3 f5 39.gxf5 gxf5 40.Ke3 fxe4 41.f3 exf3 42.Kxd3 Ra5 43.Ke3 Rh5
44.Rf1 Rxh3 45.Rf2 Ke7 46.Kf4 Kf6 47.Nc4 Rh4+ 48.Kg3 Rd4 49.Ne3 h5 50.Rh2 Kg5
51.Rc2 h4+ 52.Kf2 h3 53.Nf1 Rg4 54.Ke3 Rg2 55.Rf2 Kh4 56.b4 Kg4 57.b5 Bxb5
58.Rxf3 Re2+  0-1

[Event "Open"]
[Site "Guernsey GCI"]
[Date "2004.10.06"]
[Round "4"]
[White "Gravett,A"]
[Black "Goris,T"]
[Result "0-1"]
[WhiteElo "1960"]
[BlackElo "2072"]

1.g3 d5 2.Nf3 Nc6 3.d4 Bf5 4.Bg2 Qd7 5.b3 Nf6 6.O-O Bh3 7.Ne5 Nxe5 8.dxe5 Bxg2
9.Kxg2 Ne4 10.f3 Nc5 11.b4 Na4 12.Qd3 e6 13.Qb3 c5 14.c3 Rc8 15.b5 Nb6 16.a4 Nc4
17.e4 Nxe5 18.exd5 c4 19.dxe6 fxe6 20.Qc2 Bd6 21.Ba3 Bxa3 22.Nxa3 O-O 23.Rad1 Qe7
24.Qe4 Nxf3 25.Nxc4 Ng5 26.Qg4 Rxf1 27.Rxf1 Qc5 28.h4 Qd5+ 29.Kg1 Rxc4 30.Qxg5 Qxg5
31.hxg5 Rxc3 32.Rd1 Rxg3+ 33.Kf2 Ra3 34.Rd7 Rxa4 35.Rxb7 a6 36.g6 hxg6 37.b6 Rb4
38.Rb8+ Kf7 39.b7 a5 40.Ke3 a4 41.Kd3 a3 42.Kc3 Rb6  0-1

[Event "9th ECC w"]
[Site "Izmir TUR"]
[Date "2004.10.06"]
[Round "4"]
[White "Javakhishvili,L"]
[Black "Zaiatz,E"]
[Result "1-0"]
[WhiteElo "2423"]
[BlackElo "2400"]

1.Nf3 d5 2.g3 g6 3.Bg2 Bg7 4.d4 c6 5.O-O Nf6 6.c4 dxc4 7.a4 O-O 8.Na3 c5
9.Nxc4 Be6 10.Nfe5 Qc8 11.dxc5 Rd8 12.Qc2 Nd5 13.Nd3 Na6 14.Na5 b6 15.Nb3 bxc5
16.Nbxc5 Rb8 17.Bxd5 Rxd5 18.Bf4 Rb6 19.Rac1 Nb4 20.Nxb4 Rxb4 21.Nxe6 Qxc2
22.Rxc2 fxe6 23.Rc7 g5 24.Be3 Bf6 25.Rxa7 Rxb2 26.Re1 Ra2 27.Bb6 Kf7 28.e4 Bd4
29.Rxe7+ Kxe7 30.exd5 Rxa4 31.Bxd4 Rxd4 32.Rxe6+ Kf7 33.Rh6 Rxd5 34.Rxh7+ Kg6
35.Ra7 Rd2 36.h3 Rb2 37.Kg2 Rb3 38.Ra4 Rc3 39.h4  1-0

[Event "YM"]
[Site "Winterthur SUI"]
[Date "2004.10.06"]
[Round "6"]
[White "Kuemin,S"]
[Black "Papa,S"]
[Result "1/2-1/2"]
[WhiteElo "2392"]
[BlackElo "2411"]

1.Nf3 d5 2.g3 Bg4 3.Bg2 Nd7 4.c4 e6 5.cxd5 exd5 6.O-O c6 7.d3 Bd6 8.Nc3 Ne7
9.Qc2 O-O 10.e4 Qc7 11.Nd4 dxe4 12.dxe4 Bc5 13.Be3 Qd6 14.Nce2 Bxe2 15.Qxe2 Bxd4
16.Bxd4 Qxd4 17.Rfd1 Qb6 18.Rxd7 Ng6 19.Rad1 Rad8 20.h3 Ne5 21.R7d2 a5 22.Kh2 Rxd2
23.Qxd2 h6 24.Qd4 Qxd4 25.Rxd4 Rb8 26.f4 Ng6 27.e5 Ne7 28.g4 Kf8 29.Kg3 Ke8
30.Kf2 Rd8 31.Ke3 Rxd4 32.Kxd4 Kd7 33.f5 f6 34.h4 h5 35.exf6 gxf6 36.Bh3 hxg4
37.Bxg4 Kd6 38.Ke4 Ng8 39.Bd1 b5 40.Bb3 Nh6 41.Be6 Kc5  1/2-1/2

[Event "Goodbye Summer Open"]
[Site "Omis CRO"]
[Date "2004.10.07"]
[Round "2"]
[White "Kozarcanin,S"]
[Black "Jovanic,O"]
[Result "1/2-1/2"]
[WhiteElo "2243"]
[BlackElo "2475"]

1.Nf3 d5 2.g3 c5 3.d3 Nc6 4.Nbd2 Nf6 5.Bg2 Bg4 6.h3 Bh5 7.O-O e6 8.c3 Qc7
9.e4 Be7 10.Re1 O-O 11.Qe2 dxe4 12.dxe4 Rfd8 13.Nf1 Nd7 14.Bf4 e5 15.Bd2 Nb6
16.Rad1 f6 17.Bc1 Bf7 18.Qc2 a5 19.N3d2 a4 20.Qb1 Rd7 21.Ne3 Rad8 22.b3 c4
23.bxc4 Nxc4 24.Ndxc4 Rxd1 25.Rxd1 Rxd1+ 26.Nxd1 Bxc4 27.Ne3 Na5 28.Qc2 b5
29.Bf1 Qc5 30.Qd2 Kf7 31.Bxc4+ Nxc4 32.Qd5+ Qxd5 33.Nxd5 Bd8 34.f3 Ke6 35.Kf1 Kd6
36.Ke2 Bb6 37.g4 Bd8 38.Kd3 g6 39.Be3 f5 40.Bh6 f4 41.Bf8+ Ke6 42.Bc5 h5
43.g5 Kd7 44.h4 Ke6 45.Bf2 Kd6 46.Ba7 Kc6 47.Bf2 Kd7 48.Bc5 Kc6 49.Bf2 Kd7
50.Bc5  1/2-1/2

[Event "YM"]
[Site "Winterthur SUI"]
[Date "2004.10.07"]
[Round "7"]
[White "Benkovic,P"]
[Black "Hajnal,Z"]
[Result "1-0"]
[WhiteElo "2430"]
[BlackElo "2407"]

1.Nf3 d5 2.g3 c6 3.Bg2 Nf6 4.d3 Bf5 5.Nh4 Bg4 6.h3 Bh5 7.f4 e6 8.O-O Bc5+
9.Kh1 Be7 10.Qe1 Nfd7 11.Nf3 Bxf3 12.Bxf3 d4 13.c3 e5 14.Qf2 dxc3 15.bxc3 O-O
16.Nd2 Qa5 17.Nc4 Qxc3 18.Bb2 Qc2 19.Rfc1 Qa4 20.fxe5 Nc5 21.Ne3 Ne6 22.Nf5 Ba3
23.Rc4 Qa6 24.Bc3 Nd7 25.Rg4 Ndc5 26.Rf1 Kh8 27.Bg2 Na4 28.Ba1 Bb2 29.Bxb2 Nxb2
30.Nxg7 Nxg7 31.Rxg7 Kxg7 32.Qf6+ Kg8 33.Rf5  1-0

[Event "Open"]
[Site "Winterthur SUI"]
[Date "2004.10.07"]
[Round "7"]
[White "Berkovich,M"]
[Black "Malakhatko,V"]
[Result "1/2-1/2"]
[WhiteElo "2399"]
[BlackElo "2571"]

1.Nf3 d5 2.g3 Bg4 3.Bg2 Nd7 4.d4 e6 5.O-O Bd6 6.Nbd2 Ne7 7.e4 c6 8.c4 O-O
9.b3 Bh5 10.Bb2 a5 11.Re1 h6 12.Qe2 Re8 13.c5 Bc7 14.e5 b6 15.Rac1 Qb8 16.cxb6 Bxb6
17.Qf1 Bg6 18.Nh4 Bh7 19.Qe2 Qa7 20.Nhf3 Rec8 21.g4 c5 22.dxc5 Nxc5 23.Rc3 Ng6
24.Qe3 Nd7 25.Rxc8+ Rxc8 26.Bd4 Bxd4 27.Nxd4 Ngxe5 28.h3 Qb6 29.Bf1 Qb4 30.a3 Qd6
31.Bb5 Ng6 32.N2f3 Ngf8 33.Rc1 Rxc1+ 34.Qxc1 Nc5 35.Qc3 Qb6 36.a4 f6 37.Nd2 h5
38.gxh5 Nb7 39.b4 axb4 40.Qxb4 Qd6 41.Qxd6 Nxd6 42.a5 Nxb5 43.Nxb5 Nd7 44.a6 Nb6
45.a7 Na8 46.Nb3 Bd3 47.Nd6 e5 48.Nc5 Be2 49.f4 exf4 50.Ne6 Bxh5 51.Nxf4 Bf3
52.Kf2 Bh1 53.h4 g5  1/2-1/2

[Event "Goodbye Summer Open"]
[Site "Omis CRO"]
[Date "2004.10.08"]
[Round "3"]
[White "Ivekovic,I"]
[Black "Martinovic,Sa"]
[Result "0-1"]
[WhiteElo "1924"]
[BlackElo "2138"]

1.Nf3 d5 2.g3 Nc6 3.Bg2 e5 4.d3 f6 5.O-O Be6 6.e4 Nge7 7.Nbd2 Qd7 8.Re1 d4
9.Nb3 Ng6 10.c3 O-O-O 11.c4 Bh3 12.a3 h5 13.Re2 h4 14.Bxh3 Qxh3 15.Nbd2 Qg4
16.Kh1 Nce7 17.b4 hxg3 18.fxg3 Qxg3 19.Rg2 Qh3 20.Qg1 Nf4 21.Rg3 Qh5 22.Rg4 g5
23.Ne1 Nh3 24.Qg2 Nf2+ 25.Qxf2 Qxg4 26.Qxf6 Qh3 27.Qxe5 Bg7  0-1

[Event "Pre-Olym Tourn"]
[Site "Belo Horizonte BRA"]
[Date "2004.10.09"]
[Round "1"]
[White "Braga,C"]
[Black "Caporale,G"]
[Result "1-0"]
[WhiteElo "2441"]
[BlackElo "1867"]

1.Nf3 d5 2.g3 Bf5 3.Bg2 h6 4.c4 e6 5.Qb3 Nc6 6.O-O Rb8 7.d3 Nf6 8.Qa4 Nd7
9.cxd5 exd5 10.Nc3 Nc5 11.Qf4 Be6 12.Nd4 Bd6 13.Nxe6 fxe6 14.Qg4 Qf6 15.Nb5 O-O
16.Nxd6 cxd6 17.Bf4 Rbd8 18.Rab1 Ne7 19.b4 Na6 20.Be3 b6 21.Bd4 e5 22.Bb2 Nc7
23.Rbc1 Ne6 24.f4 d4 25.Bh3 Qf5 26.fxe5 Qxg4 27.Bxg4 Rxf1+ 28.Kxf1 Nf8 29.Bxd4 dxe5
30.Bxe5 Nd5 31.Kf2 Nxb4 32.Rc7  1-0

[Event "9th ECC w"]
[Site "Izmir TUR"]
[Date "2004.10.09"]
[Round "7"]
[White "Borisova,B"]
[Black "Lomineishvili,M"]
[Result "0-1"]
[WhiteElo "2148"]
[BlackElo "2429"]

1.Nf3 d5 2.g3 c6 3.Bg2 Bg4 4.Ne5 Bh5 5.O-O Nd7 6.Nxd7 Qxd7 7.d4 Nf6 8.Nd2 e6
9.Nf3 Bd6 10.Be3 O-O 11.h3 Bxf3 12.exf3 Qe7 13.Bg5 c5 14.c4 dxc4 15.dxc5 Bxc5
16.Qa4 Rfc8 17.Rac1 a6 18.Rfd1 b5 19.Qc2 h6 20.Bxf6 Qxf6 21.Rd7 Ra7 22.Rcd1 Rxd7
23.Rxd7 Bd4 24.b3 c3 25.f4 g5 26.Be4 gxf4 27.Kg2 fxg3 28.fxg3 Kh8 29.Qe2 Be5
30.Bc2 Rg8 31.g4 Qf4 32.Qd3 f5 33.Bd1 h5 34.Rf7 Bd4 35.Bf3 hxg4 36.hxg4 Rxg4+
37.Bxg4 Qf2+  0-1

[Event "Pre-Olym Tourn"]
[Site "Belo Horizonte BRA"]
[Date "2004.10.11"]
[Round "6"]
[White "Braga,C"]
[Black "Coelho,L"]
[Result "0-1"]
[WhiteElo "2441"]
[BlackElo "2401"]

1.Nf3 d5 2.g3 Nf6 3.Bg2 c5 4.O-O Nc6 5.d4 e6 6.b3 Be7 7.Bb2 O-O 8.e3 b5 9.dxc5 Bxc5
10.Nd4 Nxd4 11.exd4 Be7 12.Nd2 Qb6 13.Re1 a5 14.c4 bxc4 15.Nxc4 Qb5 16.Rc1 Bd7
17.Ne5 Rfb8 18.Bf1 Qb7 19.Nxd7 Nxd7 20.Re3 Bg5 21.f4 Bd8 22.a4 Nf6 23.Bb5 Rc8
24.Rec3 Rxc3 25.Rxc3 Ne4 26.Rc2 Rb8 27.Ba3 Bb6 28.Kg2 Qa7 29.Qc1 h6 30.Rc8+ Rxc8
31.Qxc8+ Kh7 32.f5 Bxd4 33.fxe6 Bf6 34.Qc2 fxe6 35.Bd3 Qb7 36.Bc1 Kg8 37.Be3 Nc3
38.Bd2 Qb4 39.Bxc3 Qxc3 40.Qe2 Kf8 41.Kh3 Ke7 42.Qd1 Kd6 43.Bb5 Qd4 44.Qc2 Qc5
45.Qg6 Qc8 46.Qf7 e5+ 47.Kg2 e4 48.Qa7 Qc7 49.Qa6+ Ke5 50.Be2 Qc5 51.Bb5 Qc7
52.Be2 Kd4 53.Kh3 Ke3 54.Bd1  0-1

[Event "Essent Open"]
[Site "Hoogeveen NED"]
[Date "2004.10.16"]
[Round "2"]
[White "Vogel,Ja"]
[Black "Delemarre,J"]
[Result "1/2-1/2"]
[WhiteElo "2256"]
[BlackElo "2449"]

1.Nf3 d5 2.g3 Nf6 3.Bg2 g6 4.d4 Bg7 5.c4 dxc4 6.Na3 c3 7.bxc3 O-O 8.O-O c5
9.Bb2 Nc6 10.e3 e5 11.c4 cxd4 12.exd4 e4 13.Ne5 Re8 14.Nc2 h5 15.Ne3 Rb8
16.Rb1 Qc7 17.Qa4 Nd7 18.Rfd1  1/2-1/2

[Event "Essent Open"]
[Site "Hoogeveen NED"]
[Date "2004.10.16"]
[Round "2"]
[White "Grimm,Sa"]
[Black "Khenkin,I"]
[Result "0-1"]
[WhiteElo "2342"]
[BlackElo "2587"]

1.Nf3 d5 2.g3 g6 3.Bg2 Bg7 4.O-O e5 5.d3 Nc6 6.Nbd2 Nge7 7.e4 O-O 8.a3 a5
9.Rb1 a4 10.exd5 Nxd5 11.Re1 h6 12.c4 Nf6 13.b4 axb3 14.Rxb3 Nd7 15.Rb5 Re8
16.Bb2 Ra6 17.Nb3 Na7 18.Rd5 c6 19.Rxd7 Bxd7 20.Nc5 Rb6 21.Bxe5 Bxe5 22.Nxe5 Bf5
23.g4 Bc8 24.d4 Kg7 25.h3 Rb2 26.Nf3 Rxe1+ 27.Qxe1 Qf6 28.Qe4 b6 29.Nd3 Rb1+
30.Kh2 Ra1 31.Nfe5 Rxa3 32.f4 b5 33.cxb5 Nxb5 34.Nxc6 Nd6 35.Qe2 Ba6 36.Nce5 Bxd3
37.Nxd3 Qxd4 38.Qe5+ Qxe5 39.Nxe5 Re3 40.Nc6 Nc4 41.Nb4 g5 42.Nd5 Rd3 43.fxg5 hxg5
44.Ne7 Kf6 45.Nf5 Nd6 46.Ng3 Ke5 47.Nh5 Nc4 48.Bf1 Rd2+ 49.Kg3 Ne3 50.Bb5 Rb2
51.Bc6 Nf1+ 52.Kf3 Rc2 53.Be8 f6 54.Bg6 Rc3+ 55.Kf2 Ne3 56.Bf7 Nc2 57.Ng3 Nb4
58.Bg6 Nd5  0-1

[Event "36th Olympiad"]
[Site "Calvia ESP"]
[Date "2004.10.17"]
[Round "3"]
[White "Cvitan,O"]
[Black "Borg,A"]
[Result "1-0"]
[WhiteElo "2532"]
[BlackElo "2125"]

1.Nf3 d5 2.g3 Nf6 3.Bg2 c6 4.O-O Bg4 5.d3 Nbd7 6.Nbd2 e6 7.h3 Bh5 8.e4 dxe4
9.dxe4 Be7 10.Qe1 O-O 11.Nb3 Bxf3 12.Bxf3 e5 13.Be3 Qc7 14.Qe2 Rfd8 15.a4 b6
16.Rfd1 Nf8 17.h4 Ne6 18.Bg2 Rxd1+ 19.Rxd1 Rd8 20.Rxd8+ Bxd8 21.Bh3 Qd6 22.Qc4 Nf8
23.Nd2 N8d7 24.Kf1 c5 25.Ke2 Nb8 26.Qd3 Qe7 27.Nc4 Bc7 28.Bg5 Nbd7 29.Bxd7 Qxd7
30.Bxf6 Qxd3+ 31.Kxd3 gxf6 32.Ne3 Kf8 33.Kc4 Ke8 34.Kb5 Kd7 35.Ka6 Kc6 36.c4 Bb8
37.Nf5 Bc7 38.Kxa7 Bd8 39.Kb8 Bc7+ 40.Kc8  1-0

[Event "36th Olympiad"]
[Site "Calvia ESP"]
[Date "2004.10.17"]
[Round "3"]
[White "Zhidkov,V"]
[Black "Elarbi,A"]
[Result "1-0"]
[WhiteElo "2394"]
[BlackElo "2253"]

1.Nf3 d5 2.g3 Nf6 3.Bg2 c5 4.O-O Nc6 5.c4 d4 6.d3 Bf5 7.Qb3 b6 8.e3 dxe3
9.Bxe3 Rc8 10.Nc3 e5 11.Rfe1 Be7 12.Bg5 h6 13.Nxe5 Nxe5 14.Rxe5 Be6 15.Bf4 g5
16.Bc1 Qxd3 17.Nd5 Qd4 18.Re2 Bxd5 19.cxd5 Kf8 20.Bd2 c4 21.Qf3 Qd3 22.Rae1 Qxf3
23.Bxf3 Bd6 24.Bc3 Kg7 25.Bg4 Rcd8 26.Bf5 Bc5 27.Rd1 b5 28.a3 a5 29.Bxa5 Ra8
30.Bc3 Rhd8 31.Re5 Ra6 32.d6 Raxd6 33.Rxd6 Bxd6 34.Rxb5 Be7 35.a4 Kf8 36.a5 Nd5
37.Be5 Nb4 38.Kg2 Nc6 39.Bc3 Nd4 40.Bxd4 Rxd4 41.a6 c3 42.a7  1-0

[Event "36th Olympiad w"]
[Site "Calvia ESP"]
[Date "2004.10.18"]
[Round "4"]
[White "Danielian,E"]
[Black "Vega Gutierrez,S"]
[Result "1/2-1/2"]
[WhiteElo "2437"]
[BlackElo "2225"]

1.Nf3 d5 2.g3 c6 3.Bg2 Bg4 4.c4 e6 5.cxd5 exd5 6.O-O Nf6 7.d3 Bc5 8.Qc2 Qe7
9.e4 dxe4 10.Re1 Nbd7 11.dxe4 Bxf3 12.Bxf3 Ne5 13.Qe2 O-O-O 14.Nc3 Rd3 15.Bg2 Nfg4
16.Bh3 f5 17.Kg2 Rf3 18.exf5 Rxf2+ 19.Qxf2 Bxf2 20.Bxg4 Bxe1 21.f6+ Nxg4
22.fxe7 Re8 23.Ne4 Bb4 24.Bg5 h6 25.a3 Bxe7 26.Bf4 Nf6 27.Nc3 Bc5 28.Rd1 Rd8
29.Rxd8+ Kxd8 30.Be5 Ke7 31.Kf3 Ke6 32.Bxf6 gxf6 33.Ne4 Bd4 34.b3 f5 35.Nd2 b5
36.h3 c5 37.Ke2 Kd5 38.Kd3 a6 39.a4 Be5 40.axb5 axb5 41.g4 Bf4 42.Nf3 fxg4
43.hxg4 Bd6 44.Nh4 c4+ 45.bxc4+ bxc4+ 46.Kc2 Bf4 47.Nf5 Bg5 48.Kc3 Kc5 49.Kc2 Bf4
50.Kc3 Bc1 51.Ng7 Be3 52.Nf5 Bf4 53.Kc2 Kb4 54.Nd4 Be3 55.Nf5 Bg5 56.Nd6 Bf4
57.Nxc4 Kxc4 58.Kd1 Kd3 59.Ke1 Ke3 60.Kf1 Kf3 61.Kg1 Kg3 62.Kh1 Be3 63.g5 hxg5  1/2-1/2

[Event "36th Olympiad"]
[Site "Calvia ESP"]
[Date "2004.10.18"]
[Round "4"]
[White "Martinez,CA"]
[Black "Schandorff,L"]
[Result "1/2-1/2"]
[WhiteElo "2393"]
[BlackElo "2510"]

1.Nf3 d5 2.g3 c6 3.Bg2 Bg4 4.c4 e6 5.cxd5 Bxf3 6.Bxf3 cxd5 7.O-O Nf6 8.d4 Nc6
9.Nc3 Be7 10.b3 O-O 11.Bb2 Rc8 12.e3 a6 13.Qe2 Bd6 14.Rfc1 Nd7 15.Na4 Qe7
16.Qd2 f5 17.a3 b5 18.Nc3 Nf6 19.b4 Nb8 20.Ne2 Nbd7 21.Rxc8 Rxc8 22.Rc1 Qe8
23.Rxc8 Qxc8 24.Nc1 Nb6 25.Nd3 Nc4 26.Qc2 Qc6 27.Nc5 Kf7 28.Bc1 Ne4 29.Bh5+ g6
30.Be2 Bc7 31.f3 Nf6 32.Kf2  1/2-1/2

[Event "36th Olympiad"]
[Site "Calvia ESP"]
[Date "2004.10.18"]
[Round "4"]
[White "Zhang Zhong"]
[Black "Solomon,SJ"]
[Result "0-1"]
[WhiteElo "2596"]
[BlackElo "2435"]

1.Nf3 d5 2.g3 c6 3.Bg2 Bg4 4.O-O Nd7 5.d3 Ngf6 6.Nbd2 e6 7.h3 Bh5 8.e4 dxe4
9.dxe4 Ne5 10.g4 Nxf3+ 11.Qxf3 Bg6 12.Qc3 Qb6 13.Nc4 Qb4 14.Qxb4 Bxb4 15.c3 Be7
16.Re1 Nd7 17.f4 f6 18.Be3 e5 19.f5 Bf7 20.Na5 O-O-O 21.b4 Kc7 22.Bf1 h5
23.Kg2 hxg4 24.hxg4 g6 25.Bc4 Bxc4 26.Nxc4 Rh4 27.Kf3 Rh3+ 28.Ke2 g5 29.Rh1 Rdh8
30.Rxh3 Rxh3 31.a4 b6 32.Nd2 a6 33.Nc4 Rh4 34.Kf3 Rh3+ 35.Kg2 Rh4 36.Kg3 Rh8
37.Bf2 Rh7 38.Kg2 Rh8 39.Ra2 Rh7 40.a5 b5 41.Nb6 c5 42.Nd5+ Kc6 43.Ra1 c4
44.Rd1 Bd8 45.Be3 Rh8 46.Bc5 Nxc5 47.bxc5 Kxc5 48.Nb4 Bxa5 49.Rd5+ Kb6 50.Rd6+ Kc7
51.Rxf6 Bxb4 52.cxb4 a5 53.Rf7+ Kd6 54.Rf6+ Ke7 55.Re6+ Kf7 56.Kf3 axb4 57.Ke2 Rh2+
58.Ke3 b3 59.Rb6 c3 60.Rb7+ Ke8 61.Rb8+ Kd7 62.Rb7+ Kc6  0-1

[Event "36th Olympiad"]
[Site "Calvia ESP"]
[Date "2004.10.19"]
[Round "5"]
[White "Abdulaziz,M"]
[Black "Patriarca,L"]
[Result "1/2-1/2"]
[WhiteElo "2101"]
[BlackElo "2259"]

1.Nf3 d5 2.g3 c6 3.Bg2 Nf6 4.O-O Bf5 5.b3 h6 6.Bb2 Nbd7 7.d3 e6 8.Nbd2 Be7
9.e4 dxe4 10.dxe4 Bh7 11.Qe2 O-O 12.Rad1 Qc7 13.Ne1 a5 14.Nd3 Rfd8 15.Nc4 b5
16.Nce5 Nxe5 17.Nxe5 a4 18.Ng4 Nxg4 19.Qxg4 Bf8 20.Qe2 axb3 21.axb3 Rxd1
22.Rxd1 Ra2 23.Bc1 Bg6 24.h4  1/2-1/2

[Event "36th Olympiad"]
[Site "Calvia ESP"]
[Date "2004.10.19"]
[Round "5"]
[White "Seeman,T"]
[Black "Ghorbani,M"]
[Result "1/2-1/2"]
[WhiteElo "2421"]
[BlackElo "2343"]

1.g3 d5 2.Nf3 Nf6 3.Bg2 c6 4.O-O Bf5 5.d3 h6 6.c4 e6 7.Be3 Nbd7 8.Qb3 Qc8
9.Nc3 dxc4 10.Qxc4 Be7 11.b4 O-O 12.Rfc1 a6 13.Qb3 Qd8 14.Na4 Nd5 15.Bd2 Bg4
16.Rab1 b5 17.Nb2 c5 18.a3 Rc8 19.Nd1 N5b6 20.Ne3 Bh5  1/2-1/2